000 02607nam a2200385 a 4500
001 ebr10531549
003 CaPaEBR
006 m u
007 cr cn|||||||||
008 110728s2011 nju sb 001 0 eng d
010 _z 2011032162
020 _z9781118011355
020 _z9781118177730 (e-book)
040 _aCaPaEBR
_cCaPaEBR
035 _a(OCoLC)785779995
050 1 4 _aHD1375
_b.N96 2011eb
082 0 4 _a332.63/244
_223
100 1 _aNwogugu, Michael C. I.
245 1 0 _aRisk in the global real estate market
_h[electronic resource] :
_binternational risk regulation, mechanism design, foreclosures, title systems and REITs /
_cMichael C.I. Nwogugu.
260 _aHoboken, N.J. :
_bWiley,
_c2011.
300 _axxii, 433 p.
490 1 _aWiley finance
504 _aIncludes bibliographical references and index.
520 _a"Analysis of the effects of mortgage foreclosure laws on global economicsAmerica's sub-prime mortgage problems have had rippling effects on the economies of countries around the world, highlighting the many problems inherent in the legal infrastructures for both mortgages and the unconstitutional foreclosure process. The Global Mortgage: International Risk Regulation, Mechanism Design, and Constitutional Torts in Foreclosures, Titles Systems, and REITS reveals how these unconstitutional statues and processes affect housing prices, as well as the demand for housing and commercial real estate. Describes significant implications for risk regulation, interstate commerce, and legislation in the United States and some common law countries Addresses foreclosure statues and processes, mortgages and deeds of trust Shows how unconstitutional tax foreclosures and the mortgage foreclosure processes create information asymmetry, increased transaction and compliance costs, negative externalities, and inefficiency The Global Mortgage reveals the many and major problems inherent in the legal infrastructure for mortgages and foreclosure processes"--
_cProvided by publisher.
533 _aElectronic reproduction.
_bPalo Alto, Calif. :
_cebrary,
_d2011.
_nAvailable via World Wide Web.
_nAccess may be limited to ebrary affiliated libraries.
650 0 _aReal estate business.
650 0 _aRisk.
650 0 _aMortgages.
650 0 _aForeclosure.
650 0 _aReal estate investment trusts.
655 7 _aElectronic books.
_2local
710 2 _aebrary, Inc.
830 0 _aWiley finance series.
856 4 0 _uhttp://site.ebrary.com/lib/rucke/Doc?id=10531549
_zAn electronic book accessible through the World Wide Web; click to view
999 _c234327
_d234327